00830nam a22001695i 4500001000700000003000900007005001700016008004100033040003000074100004300104245010400147260009600251300002100347852012900368999001900497952014400516165157ES-MaACL20251014063240.0990623s1878 sp |||| | spa d aCCPB | B bspa cCCPB | B1 aSellés, Eugenio, d1842-1926914593310aMaldades que son justicias b: drama histórico en tres actos y en verso / cpor Eugenio Sellés. aMadrid : bAdministración lírico-dramática, c1878 (fImprenta, calle de la Estrella) a99 p. ; c19 cm. aES-MaACLjT-399-F-19 z-- Enc. hol. z-- Enc. en un vol. facticio x-- Edic.: En el pie de imp. de la port. no consta en ed. c165157d165157 001040708Colección_de_folletosaATENEOMbATENEOMcDEPOFd2008-01-17l0oT-399-F-19p1173173r2023-02-23 00:00:00w2023-02-23yFOLLETOS